Stanley Cup Winners-Sudden Death - Statistics

General Stats
  • This quiz has been taken 1,270 times
  • The average score is 9 of 20
Answers on the Grid
Answers color-coded by a green-red scale on the quiz's grid according to % correct below.
Sidney Crosby
Connor McDavid
Steve Yzerman
Wayne Gretzky
Jerome Igilna
Daniel Sedin
Henrik Sedin
Marc-Andre Fleury
Joe Thornton
Mario Lemieux
Henrik Lundqvist
Martin Brodeur
Patrick Roy
Teemu Selanne
Joe Pavelski
Andrei Vasilevskiy
Patrick Kane
Anze Kopitar
Igor Shesterkin
Evgeni Malkin
Phil Kessel
Chris Kunitz
Marcel Dionne
Pavel Bure
Cam Talbot
Pavel Datsyuk
Auston Matthews
Bobby Orr
Geordie Howe
Patrice Bergeron
Brady Tkachuk
Alex Ovechkin
Leon Draisaitl
Adam Oates
Kris Letang
 
Answer Stats
Answer % Correct
Sidney Crosby
89%
Wayne Gretzky
82%
Marc-Andre Fleury
59%
Mario Lemieux
57%
Steve Yzerman
55%
Alex Ovechkin
53%
Martin Brodeur
48%
Patrick Kane
46%
Patrick Roy
46%
Evgeni Malkin
43%
Bobby Orr
42%
Geordie Howe
39%
Andrei Vasilevskiy
38%
Anze Kopitar
33%
Phil Kessel
33%
Patrice Bergeron
32%
Kris Letang
31%
Pavel Datsyuk
29%
Teemu Selanne
28%
Chris Kunitz
23%
No matching quizzes found
Score Distribution
Percent of People with Each Score
Percentile by Number Answered
Your Score History
You have not taken this quiz